000 00649nam a22002537a 4500
003 UA-OsUOA
001 23749
007 ta
008 20040131b un ||||| |||| 00| 0 ukr d
100 _aВыдрин Д.И.
090 _a321
_bВ92
942 _cBK
040 _aUA-OsUOA
_brus
_cUA-OsUOA
_dUA-OsUOA
245 _aНевостребованные идеи или об истоках отечественной политологии
300 _a96 с.
955 _a0
041 _arus
080 _a321
020 _a5-11-001583-Х
260 _aКиев
_bЛыбидь
_c1992
044 _aRU
650 7 _2UDC
999 _c310006
_d310006